000 00703nam a2200265Ia 4500
005 20260121170855.0
008 008 260114s9999 xx 000 0 eng d
020 _a9789811309502
037 _aEBOOK
040 _aCRL
040 _beng
040 _cCRL
041 _2eng
041 _aeng
084 _qCRL
100 _aHeung Jae Chun, Chan Hum Park, Il Keun Kwon, Gilson Khang
_91069221
245 0 _aCutting-Edge Enabling Technologies for Regenerative Medicine
260 _bSpringer
260 _bSpringer
260 _c2018
856 _uhttps://link.springer.com/openurl?genre=book&isbn=978-981-13-0950-2
942 _cEBOOK
999 _c1634951
_d1634951